00409nmm a2200145Ia 4500008004100000020001800041041000800059100002900067245002000096264004200116300001800158490001400176650002200190856005100212251105s9999||||xx |||||||||||||||||und|| a9788498167542 aspa aBlasco Ibañez, Vicente 0aArroz y tartana a[Madrid, España] :bLinkgua, c2011 a241 páginas aNarrativa aSpanish narrative uhttps://public.digitaliapublishing.com/a/13695